| 000 | 02212nam0a2200397 i 4500 | ||
|---|---|---|---|
| 001 | RU\NLR\bibl\1993350 | ||
| 005 | 20260407074811.0 | ||
| 010 |
_a9785933324027 _92000 |
||
| 021 |
_aRU _b2015-929и _999и |
||
| 035 | _a(NLR Aleph) 001981832 | ||
| 090 |
_a4101463 _c4101463 |
||
| 100 | _a20130130d2012 u y0rusy50 ca | ||
| 101 | 0 | _arus | |
| 102 | _aRU | ||
| 105 | _aac z||||11yd | ||
| 200 | 1 |
_aЮность России в изобразительном искусстве из собрания Русского музея _e[каталог произведений] _eк 1150-летию основания российской государственности _f[авт. вступ. ст.: Евгения Петрова _gист. коммент.: Виктория Борисенко _gавт. аннот.: Александра Васильева и др.] |
|
| 210 |
_aСанкт-Петербург _cPalace Editions _d2012 |
||
| 215 |
_a120 с. _cил., цв. ил., портр. _d31 |
||
| 225 | 1 |
_aАльманах _fРусский музей _vВып. 340 |
|
| 300 | _aЗагл. суперобл.: Юность России | ||
| 320 | _aБиблиогр. в примеч. в конце ст. | ||
| 320 | _aУказ. имен художников: с. 118-120 | ||
| 512 | 1 | _aЮность России | |
| 601 | 0 | 2 |
_aГосударственный Русский музей _cСанкт-Петербург, город _jКаталоги _xКоллекция изобразительного искусства _92462448 _3RU\NLR\AUTH\661463073 |
| 606 | 1 |
_aИзобразительное искусство русское _jКаталоги _xТематика _z18 - 20 вв. _92344599 _3RU\NLR\AUTH\661401189 |
|
| 686 | 1 | _aЩ101.3(2Р)-2Петербург2Русский музей я26 | |
| 686 | 1 | _aЩ103(2Р=Рус)5-3я26 | |
| 712 | 0 | 2 |
_4570 _aГосударственный Русский музей _cСанкт-Петербург _9278750 _3RU\NLR\AUTH\883719 |
| 801 | 0 |
_aRU _bNLR _c20130130 _gRCR |
|
| 801 | 1 |
_aRU _bNLR _c20130130 |
|
| 942 | _cBOOK | ||
| 980 | _aNBR | ||